000 00327nam a22001457a 4500
003 OSt
005 20220223103222.0
008 220223b |||||||| |||| 00| 0 eng d
020 _a9788180141683
040 _cH U
082 _a690
100 _aKumar Sushil
_931252
245 _aBuilding Construction
942 _2ddc
_cBOOKS
_n0
999 _c31317
_d31317